UBT Library

Illustrated dictionary of environmental health & occupational safety / (Record no. 1397)

000 -LEADER
fixed length control field 00482nam a22001697a 4500
008 - FIXED-LENGTH DATA ELEMENTS--GENERAL INFORMATION
fixed length control field 151202b xxu||||| |||| 00| 0 eng d
020 ## - INTERNATIONAL STANDARD BOOK NUMBER
International Standard Book Number 0873714202
041 0# - LANGUAGE CODE
Language code of text/sound track or separate title eng
080 ## - UNIVERSAL DECIMAL CLASSIFICATION NUMBER
Universal Decimal Classification number 614.7
100 1# - Rafti
Rafti Koren, Herman.
245 10 - TITLE STATEMENT
Title Illustrated dictionary of environmental health & occupational safety /
Statement of responsibility, etc Herman Koren.
260 ## -
-- Boca Raton :
-- Lewis Publishers,
-- 1996.
300 ## -
-- 407 f. :
-- me ill. ;
-- 26 cm.
650 #0 -
-- Shëndeti
650 #0 -
-- Mjedisi
942 ## - ADDED ENTRY ELEMENTS (KOHA)
Source of classification or shelving scheme
Item type Books
Holdings
Withdrawn status Lost status Source of classification or shelving scheme Damaged status Not for loan Collection code Permanent location Current location Shelving location Date acquired Total Checkouts Full call number Barcode Date last seen Price effective from Koha item type
          Koleksioni i përgjithshem UBT - Lipjan UBT - Lipjan Koleksioni i përgjithshem 12/02/2015   614.7 KOR 002-008633 12/02/2015 12/02/2015 Books
UBT Library © 2015-2024. All rights reserved University Education for Business and Technology